000 02034nam a2200313 i 4500
003 EG-GICUC
005 20260215155713.0
008 260215s2003 ua |||fr|||| 00| 0 ara d
040 _a EG-GICUC
_bara
_c EG-GICUC
_d EG-GICUC
_erda
041 0 _aAra
082 0 4 _221
_a343.3312
_bأ ح . م
092 0 4 _221
099 _aLaw1 10 343.3312 أ ح . م 2003
100 0 _aأحمد بسيونى أبو الروس
_eمؤلف.
245 1 2 _aالمتهم /
_cتأليف مقيد أحمد بسيونى أبو الروس.
264 1 _aالإسكندرية :
_bمحطة الرمل،
_c2003.
300 _a520 ؛صفحة
_c24 سم.
336 _2rda content
_atext
337 _2rda media
_aComputer
338 _2rda carrier
_aOnline Resource
500 _a استجوابه - اعترافه اعترافه بالجريمة - القبض عليه وتفتيشه وتفتيش مسكنه - حبسه - حقه فى الدفاع - زوال صفته وعوانها . ماله وما عليه - القبض عليه وتفتيشه وتفتيش مسكنه سلطات مأمور الضبط القضائى عليه فى أحوال التلبس - طلب الحضور - الأمر بالضبط والإحضار - الحبس الإحتياطى: شروطه وضوابطه وبطلانه وإنهائه - الإفراج المؤقت - طبق الإستجواب وأنواعه وضماناته والجهة المختصة به وما يثار حوله من تساؤلات - شروط حجة الإعتراف والتأثير المادى والأدبى وما يثار حوله من تساؤلات - الأمر بالتوجه - انقضاء الدعوى الجنائية - التماس إعادة النظر - حق المتهم فى الدفاع - أحكام النقض.
546 _aالنص باللغة العربية
650 1 _aالمتهم
_2qrmak
650 1 _aالقانون الجنائى
_2qrmak
651 1 _2qrmak
856 4 0 _uhttps://fll.law.cu.edu.eg/fulltext/bks/B10-05528.pdf
905 _a54
942 _2ddc
_cBK
_e21
_n0
999 _c63165
_d63165